Les personnages dans Mafia II - Statistiques

Statistiques générales
  • Ce quiz a été pris 39 fois
  • Le résultat moyen est 5 sur 20
Statistiques - réponses
Indice Réponse % Correct
a.Perso Principal Vito Scaletta
77%
b.Meilleur ami du perso principal Joe Barbaro
65%
f.Chef de Famille Alberto Clemente
31%
h.Chef de famille Carlo Falcone
31%
n.Soeur du perso Principal Francesca
31%
t.Docteur des mafieux El Greco
27%
q.Preteur d'argent Bruno
23%
g.Chef de famille Franck Vinci
23%
k.Pote du meilleur ami du perso principal Marty
23%
j.Irlandais Brian O'neil
19%
s.Responsable des quais Derek Papallardo
19%
e.Conseiller famille Leo Galante
19%
r.Bras droit du tueur du pere du perso principal Steve
19%
d.Capo famille Eddie Scarpa
15%
l.Vendeur d'armes a la retraite Giuseppe
15%
i.Capo de famille Luca Gurino
15%
m.Responsable d'une casse a riverside Mike Brusky
15%
o.Le mari de la soeur Eric
12%
p.Marchand d'arme Harry
12%
c.Ami du perso principal Henri Tomasino
8%
Aucun quiz correspondant
Distribution des résultats
% des personnes avec chaque résultat
Percentile par nombre de réponses
Votre historique - résultats
Vous n’avez pas pris ce quiz